L'Orígen del color / per Núria Gual
Descripción Física:
57 f. : mecanografiats, il. ; 30 cm
Materias:
Pintura -- Tècnica
MARC
| LEADER | 00000nam a2200000Ia 4500 | ||
|---|---|---|---|
| 001 | 2188 | ||
| 003 | BGR | ||
| 005 | 20260324175616.0 | ||
| 008 | 160829s9999 xx 000 0 cat d | ||
| 080 | |a B-1-47 | ||
| 100 | |a Gual, Núria |9 35056 | ||
| 245 | |a L'Orígen del color / per Núria Gual | ||
| 260 | |a Barcelona : |b Diputació de Barcelona. Servei d'Ensenyament, [1986] | ||
| 300 | |a 57 f. : |b mecanografiats, il. ; |c 30 cm | ||
| 590 | |a Abans del títol, II Escola d'Estiu d'Art, Oficis i Disseny, juliol 86. | ||
| 590 | |a Al peu de la coberta, col·labora el col·lectiu d'escoles públiques d'art i disseny de la província de Barcelona | ||
| 650 | |a Pintura |x Tècnica |9 35057 | ||
| 710 | 1 | |a Barcelona (Catalunya : Província). |b Servei d'Ensenyament |9 54959 | |
| 710 | 2 | |a Col·lectiu d'Escoles Públiques d'Art i Disseny de la Província de Barcelona |9 70776 | |
| 711 | |a Escola d'Estiu d'Art, Oficis i Disseny |9 70775 |c (Barcelona : |d 1986) | ||
| 901 | |a Arxiu | ||
| 942 | |n 1 |2 udc |c MON | ||
| 952 | |0 0 |1 0 |4 0 |6 B147 |7 1 |9 46751 |a Arxiu |b Arxiu |d 2016-12-01 |l 0 |o B-1-47 |p 2188 |r 2016-12-01 00:00:00 |w 2016-12-01 |y ARXIU | ||
| 999 | |c 50544 |d 50544 | ||